Online
Catalog

Rendimiento del pastizal / (Record no. 18679)

MARC details
000 -CABECERA
campo de control de longitud fija 00822nam a2200193 4500
001 - NÚMERO DE CONTROL
campo de control 000019161
005 - FECHA Y HORA DE LA ÚLTIMA TRANSACCIÓN
campo de control 20200929165933.0
008 - DATOS DE LONGITUD FIJA--INFORMACIÓN GENERAL
campo de control de longitud fija 100527s1972 mx a 000 0 spa d
040 ## - FUENTE DE LA CATALOGACIÓN
Centro catalogador/agencia de origen DO-SdBNP
Lengua de catalogación spa
Centro/agencia transcriptor BNPHU
049 ## - FONDOS LOCALES (OCLC)
Fondos de biblioteca BNGR
245 00 - MENCIÓN DE TÍTULO
Título Rendimiento del pastizal /
Mención de responsabilidad, etc. compiladores Martín H. González, Robert S. Campbell ; traducción Ramón Palazón ; prólogo Lorenzo Martínez Medina.
260 ## - PUBLICACIÓN, DISTRIBUCIÓN, ETC.
Lugar de publicación, distribución, etc. México :
Nombre del editor, distribuidor, etc. Centro Regional de Ayuda Técnica :
-- Agencia para el Desarrollo Internacional (AID).
300 ## - DESCRIPCIÓN FÍSICA
Extensión 354 p. :
Otras características físicas il. , gráf.
504 ## - NOTA DE BIBLIOGRAFÍA, ETC.
Nota de bibliografía, etc. Incluye referencias bibliográficas y notas al pie de las páginas.
700 1# - PUNTO DE ACCESO ADICIONAL--NOMBRE DE PERSONA
Nombre de persona González, Martín H.
Término indicativo de función/relación comp.
9 (RLIN) 41245
700 1# - PUNTO DE ACCESO ADICIONAL--NOMBRE DE PERSONA
Nombre de persona Campbell, Roberto S.
Término indicativo de función/relación comp.
9 (RLIN) 41246
700 1# - PUNTO DE ACCESO ADICIONAL--NOMBRE DE PERSONA
Nombre de persona Palazón, Ramón
Término indicativo de función/relación tr.
9 (RLIN) 41247
700 1# - PUNTO DE ACCESO ADICIONAL--NOMBRE DE PERSONA
Nombre de persona Martínez Medina, Lorenzo
Término indicativo de función/relación pról.
9 (RLIN) 41248
Holdings
Estado de retiro Estado de pérdida Restricciones de uso No para préstamo Código de colección Localización permanente Ubicación/localización actual Ubicación en estantería Fecha de adquisición Número de inventario Total de préstamos Signatura topográfica completa Código de barras Fecha visto por última vez Precio válido a partir de Tipo de ítem Koha
    Préstamo interno   Monografías: Libros y Folletos General General En catalogación 27.05.2010 LF1   19161-10 25.06.2020 25.06.2020 Préstamo interno

Powered by Koha